Most Common UK Road Names - Statistics

General Stats
  • This quiz has been taken 114 times
  • The average score is 6 of 15
Answer Stats
Hint 1st word 2nd word % Correct
1 High Street
75%
7 London Road
67%
3 Main Street
59%
5 Church Road
49%
6 Church Street
49%
11 Church Lane
49%
4 Park Road
46%
12 Park Avenue
46%
2 Station Road
41%
9 Green Lane
33%
8 Victoria Road
28%
15 Queens Road
27%
13 The Avenue
12%
14 The Crescent
12%
10 Manor Road
11%
No matching quizzes found
Score Distribution
Percent of People with Each Score
Percentile by Number Answered
Your Score History
You have not taken this quiz